Efective communication / (Record no. 101267)

MARC details
000 -LEADER
fixed length control field 00585nam a22001937a 4500
005 - DATE AND TIME OF LATEST TRANSACTION
control field 20160713173138.0
010 ## - LCCN (DPL NO)
LC control number ENG-115424
020 ## - INTERNATIONAL STANDARD BOOK NUMBER
International Standard Book Number 9789331321985
Terms of availability 392.00
035 ## - SYSTEM CONTROL NUMBER
System control number EN-98956
037 ## - SOURCE OF ACQUISITION
Source of stock number/acquisition DBAD/PUB
082 ## - DEWEY DECIMAL CLASSIFICATION NUMBER
Classification number 651.07
100 ## - MAIN ENTRY--PERSONAL NAME
Personal name K.K. Singh
245 ## - TITLE STATEMENT
Title Efective communication /
Statement of responsibility, etc K.K. Singh
246 ## - VARYING FORM OF TITLE
Title proper/short title Efective communication / Krishna Kumar Singh
260 ## - PUBLICATION, DISTRIBUTION, ETC. (IMPRINT)
Place of publication, distribution, etc New Delhi
Name of publisher, distributor, etc A.P.H. Publishing
Date of publication, distribution, etc 2014
270 ## - ADDRESS
Address 4435-36/7,Ansari Road Darya Ganj
City New Delhi
Postal code 110002
300 ## - PHYSICAL DESCRIPTION
Extent xiv,140p. :
Other physical details ill
Dimensions 22cm(pbk)
942 ## - ADDED ENTRY ELEMENTS (KOHA)
Source of classification or shelving scheme Dewey Decimal Classification
Item type English Books
Classification part 651.7
Call number suffix KRI
Holdings
Withdrawn status Lost status Not for loan Collection code Home library Current library Date acquired Source of acquisition Cost, normal purchase price Full call number Barcode Copy number Cost, replacement price Koha item type
    Not For Loan Non-fiction D.B.Act.Division Bawana 13/07/2016 DBAD/PUB 392.00 651.7 KRI EN-98956 1 392.00 English Books

© Delhi Public Library
Hit Counter
free hit counter